[Event "Titled Tue 24th Jun Late"]
[Site "chess.com INT"]
[Date "2025.06.24"]
[Round "10"]
[White "Asish Panda"]
[Black "Levano Loayza, Adriano Jaffet"]
[Result "1-0"]
[BlackTitle "CM"]
[WhiteElo "1911"]
[BlackElo "2023"]
[WhiteFideId "45012458"]
[BlackFideId "3865584"]
[EventDate "2025.06.24"]

1. e4 c5 2. Nf3 d6 3. d4 cxd4 4. Qxd4 Nf6 5. e5 Nc6 6. Bb5 dxe5 7. Qxd8+ Kxd8 8.
Bxc6 bxc6 9. Nxe5 Ke8 10. Nc3 e6 11. Be3 Bd6 12. Nc4 Bc7 13. O-O-O a5 14. Na4
Ba6 15. Nd6+ Bxd6 16. Rxd6 Bb5 17. Nc5 Ke7 18. Rhd1 Rhd8 19. Rxd8 Rxd8 20. Rxd8
Kxd8 21. Nb7+ Kc7 22. Nxa5 Bf1 23. g3 Ng4 24. h4 e5 25. Kd2 f5 26. Nb3 Nf6 27.
Nc5 Kd6 28. Nd3 h6 29. Bc5+ Kd5 30. Bf8 Ne8 31. a4 e4 32. Nf4+ Ke5 33. a5 Ba6
34. h5 Kf6 35. b3 Nc7 36. c4 Kf7 37. Bd6 Ne6 38. Nxe6 Kxe6 39. Bf4 Kf6 40. Kc3
Bc8 41. Kd4 Ke6 42. Kc5 Kd7 43. Kb6 1-0

[Event "Titled Tue 24th Jun Late"]
[Site "chess.com INT"]
[Date "2025.06.24"]
[Round "10"]
[White "Nersisyan, Garnik"]
[Black "Shymanskyi, Oleksandr"]
[Result "1/2-1/2"]
[WhiteTitle "CM"]
[BlackTitle "FM"]
[WhiteElo "2035"]
[BlackElo "2218"]
[WhiteFideId "13300741"]
[BlackFideId "14168880"]
[EventDate "2025.06.24"]

1. e4 d5 2. Nc3 dxe4 3. Nxe4 Nf6 4. Nxf6+ exf6 5. d4 Bd6 6. c3 O-O 7. Nf3 c6 8.
Be2 Qc7 9. O-O Nd7 10. h3 Re8 11. Be3 Nf8 12. Re1 f5 13. Bd2 Bd7 14. Bd3 g6 15.
Rxe8 Rxe8 16. Qf1 Ne6 17. Re1 Nf4 18. Rxe8+ Bxe8 19. Bxf4 Bxf4 20. Qe2 Bd7 21.
Bc4 Qd6 22. Ne5 Bxe5 23. Qxe5 Qxe5 24. dxe5 Kf8 25. f4 Ke7 26. Kf2 f6 27. Bg8 h6
28. exf6+ Kxf6 29. g3 b5 30. Ke3 Be6 31. Bxe6 Kxe6 32. Kd4 Kd6 33. b4 g5 34.
fxg5 hxg5 35. h4 f4 36. h5 fxg3 37. Ke3 Ke5 38. Kf3 Kf6 39. Kxg3 Kg7 40. Kf3 Kh7
41. Kg3 Kg7 42. Kh3 Kh7 43. Kg3 Kg7 1/2-1/2

[Event "Titled Tue 24th Jun Late"]
[Site "chess.com INT"]
[Date "2025.06.24"]
[Round "10"]
[White "Chiu, Isaac"]
[Black "Jing, Andrew"]
[Result "1-0"]
[BlackTitle "FM"]
[WhiteElo "2226"]
[BlackElo "2292"]
[WhiteFideId "30900654"]
[BlackFideId "30984076"]
[EventDate "2025.06.24"]

1. e4 g6 2. d4 Bg7 3. Nc3 d6 4. Be3 Nd7 5. Qd2 e5 6. Nf3 Ne7 7. h3 O-O 8. g4 Nc6
9. d5 Ne7 10. O-O-O Kh8 11. h4 f5 12. gxf5 gxf5 13. exf5 Nxf5 14. Bg5 Bf6 15.
Ne4 Be7 16. Bd3 Nf6 17. Nxf6 Bxf6 18. Bxf6+ Qxf6 19. Ng5 h6 20. Ne4 Qe7 21. Rdg1
Bd7 22. Rg6 Qf7 23. Rhg1 Qh7 24. Nf6 Rxf6 25. Rxf6 Rg8 26. Rxg8+ Kxg8 27. h5 Qe7
28. Rg6+ Kf7 29. Bxf5 Bxf5 30. Qxh6 Bxg6 31. Qxg6+ Kf8 32. Kd2 Qg7 33. Qf5+ Ke7
34. Ke3 Qh6+ 35. Kf3 Qd2 36. Qe6+ Kd8 37. h6 Qd1+ 38. Kg2 Qh5 39. Qf6+ Kd7 40.
Qg7+ Kc8 41. h7 1-0

[Event "Titled Tue 24th Jun Late"]
[Site "chess.com INT"]
[Date "2025.06.24"]
[Round "10"]
[White "Deichmann, Esteban Horacio"]
[Black "Arakelyan, Manvel"]
[Result "1-0"]
[BlackTitle "FM"]
[WhiteElo "2103"]
[BlackElo "2326"]
[WhiteFideId "167410"]
[BlackFideId "13317415"]
[EventDate "2025.06.24"]

1. e4 c5 2. c3 Nf6 3. e5 Nd5 4. d4 cxd4 5. cxd4 d6 6. Nf3 Nc6 7. Bc4 Nb6 8.
Bxf7+ Kxf7 9. e6+ Kg8 10. d5 Nb4 11. Nc3 g6 12. a3 N4xd5 13. Nxd5 Bxe6 14. Nf4
Bf7 15. Ng5 Bg7 16. Nxf7 Kxf7 17. Qb3+ d5 18. Qf3 Bf6 19. g4 e5 20. Ne2 Kg7 21.
h4 Rf8 22. Qg3 e4 23. g5 Be7 24. Be3 Bd6 25. Bd4+ Kg8 26. Qb3 Nc4 27. h5 Be5 28.
hxg6 hxg6 29. Qh3 Qe7 30. Bxe5 Nxe5 31. Qh8+ Kf7 32. Rh7+ Ke6 33. Rxe7+ Kxe7 34.
Qxe5+ 1-0

[Event "Titled Tue 24th Jun Late"]
[Site "chess.com INT"]
[Date "2025.06.24"]
[Round "10"]
[White "Fernandes, Rogerio Paulo Muller"]
[Black "Jimenez Salas, Maria Teresa"]
[Result "1-0"]
[BlackTitle "WIM"]
[WhiteElo "2241"]
[BlackElo "2170"]
[WhiteFideId "2101599"]
[BlackFideId "3843866"]
[EventDate "2025.06.24"]

1. c4 c5 2. g3 Nc6 3. Bg2 g6 4. Nf3 Bg7 5. O-O d6 6. Nc3 e5 7. d3 Nge7 8. a3 O-O
9. Rb1 Nd4 10. b4 Rb8 11. bxc5 dxc5 12. Bg5 b6 13. Nd5 f6 14. Nxd4 cxd4 15.
Nxe7+ Qxe7 16. Bd2 Bb7 17. Bb4 Qd7 18. Bxf8 Bxf8 19. Bxb7 Rxb7 20. a4 a5 21. Qb3
Kg7 22. Qb5 Qc7 23. Qd5 Bc5 24. Rb5 Rb8 25. Rfb1 Rd8 26. Rxc5 Qe7 27. Qxd8 Qxd8
28. Rcb5 Qd7 29. c5 e4 30. cxb6 Qb7 31. Rxa5 Kh6 32. dxe4 Qxe4 33. Rab5 d3 34.
exd3 Qxa4 35. b7 1-0

[Event "Titled Tue 24th Jun Late"]
[Site "chess.com INT"]
[Date "2025.06.24"]
[Round "10"]
[White "Kourousis, Epameinondas"]
[Black "Vlassov, Nikolai"]
[Result "0-1"]
[WhiteTitle "IM"]
[BlackTitle "IM"]
[WhiteElo "2342"]
[BlackElo "2291"]
[WhiteFideId "4211626"]
[BlackFideId "4103360"]
[EventDate "2025.06.24"]

1. Nf3 f5 2. g3 Nf6 3. Bg2 d6 4. d4 g6 5. O-O Bg7 6. c4 O-O 7. Nc3 Qe8 8. d5 a5
9. Nd4 Na6 10. b3 Bd7 11. Bb2 c6 12. dxc6 bxc6 13. e3 Nc5 14. Ba3 Nce4 15. Nxe4
Nxe4 16. Qc2 c5 17. Ne2 Bxa1 18. Rxa1 Qf7 19. Bb2 Bc6 20. Nc3 Rac8 21. Rf1 Nxc3
22. Qxc3 e5 23. Bxc6 Rxc6 24. Qxa5 Qb7 25. Qd2 Ra6 26. Bc3 Rfa8 27. Ra1 Qf3 28.
Qd3 h5 29. a4 Rb8 30. Ra3 h4 31. a5 Kf7 32. Qf1 hxg3 33. fxg3 0-1

[Event "Titled Tue 24th Jun Late"]
[Site "chess.com INT"]
[Date "2025.06.24"]
[Round "10"]
[White "Zdorov, Egor Vit"]
[Black "Brancaleoni, Maurizio"]
[Result "0-1"]
[WhiteTitle "CM"]
[BlackTitle "FM"]
[WhiteElo "2101"]
[BlackElo "2185"]
[WhiteFideId "55688560"]
[BlackFideId "803022"]
[EventDate "2025.06.24"]

1. d4 Nf6 2. c4 b6 3. Nc3 Bb7 4. Qc2 d5 5. cxd5 Nxd5 6. e4 Nxc3 7. bxc3 e6 8.
Nf3 Be7 9. Bd3 c5 10. O-O O-O 11. Rd1 cxd4 12. cxd4 Qc8 13. Qe2 Ba6 14. Bf4 Bxd3
15. Qxd3 Qa6 16. Bxb8 Qxd3 17. Rxd3 Raxb8 18. Rc1 Rb7 19. Rdc3 f6 20. Rc7 Rfb8
21. Kf1 Kf8 22. d5 exd5 23. exd5 Bc5 24. Rxb7 Rxb7 25. Rd1 Ke7 26. Nd2 Kd7 27.
Ne4 Rc7 28. g4 Bd6 29. h4 Rc4 30. f3 Rc2 31. a4 Rh2 32. h5 Bf4 33. Kg1 Rc2 34.
a5 bxa5 35. Ra1 Rc1+ 36. Rxc1 Bxc1 37. Kf2 a4 38. Nc5+ Kd6 39. Nxa4 Kxd5 40. Ke2
Kc4 41. Kd1 Kb4 42. Kxc1 Kxa4 43. Kc2 Kb4 44. f4 Kc4 45. g5 f5 46. Kd2 Kd4 0-1

[Event "Titled Tue 24th Jun Late"]
[Site "chess.com INT"]
[Date "2025.06.24"]
[Round "10"]
[White "Soza de la Carrera, Jose"]
[Black "Sethuraman, Roshan"]
[Result "1-0"]
[WhiteTitle "CM"]
[WhiteElo "2221"]
[BlackElo "2074"]
[WhiteFideId "3401278"]
[BlackFideId "30965250"]
[EventDate "2025.06.24"]

1. c4 e5 2. g3 Nf6 3. Bg2 d5 4. cxd5 Nxd5 5. Nc3 Nb6 6. Nf3 Nc6 7. O-O Be6 8. d3
Be7 9. a3 f6 10. b4 O-O 11. Bb2 a6 12. Rc1 Qe8 13. Ne4 Qf7 14. Nc5 Bxc5 15. bxc5
Nd5 16. Nd2 Nde7 17. Ne4 Rfd8 18. f4 exf4 19. Rxf4 Qg6 20. Nxf6+ gxf6 21. Rxf6
Qg4 22. Bf3 Qg7 23. Qd2 Nd4 24. Bxd4 Rxd4 25. Rxe6 Rf8 26. Qe3 Nf5 27. Qe5 c6
28. Qxg7+ Kxg7 29. Be4 Rd7 30. Rf1 Nd4 31. Rxf8 Nxe6 32. Rf2 Nxc5 33. Bf5 Re7
34. g4 Nb3 35. e4 Nd4 36. Kg2 b5 37. Kg3 c5 38. Kf4 Kf6 39. e5+ Kg7 40. Ke4 Nc6
41. e6 c4 42. dxc4 bxc4 43. Kd5 Na5 44. Kd6 Rb7 45. e7 1-0

[Event "Titled Tue 24th Jun Late"]
[Site "chess.com INT"]
[Date "2025.06.24"]
[Round "10"]
[White "Ragger, Markus"]
[Black "Drygalov, Sergey"]
[Result "0-1"]
[WhiteTitle "GM"]
[BlackTitle "GM"]
[WhiteElo "2566"]
[BlackElo "2560"]
[WhiteFideId "1610856"]
[BlackFideId "24171743"]
[EventDate "2025.06.24"]

1. d4 Nf6 2. c4 e6 3. Nf3 d5 4. g3 dxc4 5. Bg2 a6 6. O-O Nc6 7. Qd2 Rb8 8. Ne5
Nxe5 9. dxe5 Nd7 10. Rd1 Be7 11. Qf4 O-O 12. Be3 c5 13. Nc3 Qc7 14. Qxc4 Nxe5
15. Qe4 f5 16. Qc2 b5 17. Bf4 Bf6 18. h4 Bb7 19. e4 Qc6 20. Ne2 Rbd8 21. Bg5
Bxg5 22. hxg5 fxe4 23. Nf4 c4 24. Qe2 Nd3 25. Nxd3 exd3 26. Qf1 Qxg2+ 27. Qxg2
Bxg2 28. Kxg2 Rf5 29. f4 e5 30. Rf1 e4 31. Kf2 Re8 32. Ke3 Rc5 33. Rac1 b4 34.
Kd4 Rcc8 35. f5 d2 36. Rxc4 Red8+ 37. Ke3 Rxc4 38. Rd1 Rd3+ 0-1

[Event "Titled Tue 24th Jun Late"]
[Site "chess.com INT"]
[Date "2025.06.24"]
[Round "10"]
[White "Mekhitarian, Krikor Sevag"]
[Black "Moeller, Maurin"]
[Result "1-0"]
[WhiteTitle "GM"]
[BlackTitle "FM"]
[WhiteElo "2564"]
[BlackElo "2336"]
[WhiteFideId "2107660"]
[BlackFideId "16265696"]
[EventDate "2025.06.24"]

1. Nf3 Nf6 2. c4 c5 3. Nc3 g6 4. d4 cxd4 5. Nxd4 Bg7 6. e4 O-O 7. Be3 Nc6 8. Be2
d6 9. O-O Nxd4 10. Bxd4 Bd7 11. f4 Bc6 12. Bf3 Rc8 13. Rc1 Qa5 14. Kh1 Rfd8 15.
Re1 e5 16. Be3 Bd7 17. b3 Be6 18. f5 gxf5 19. exf5 Bxf5 20. Bxb7 Rc7 21. Bd5 Re7
22. Rf1 Bg4 23. Qd2 Nxd5 24. Nxd5 Qxd2 25. Nxe7+ Kf8 26. Bxd2 Kxe7 27. Be3 Rd7
28. h3 Be6 29. Rfd1 f5 30. c5 d5 31. c6 Rc7 32. Bc5+ Ke8 33. Bd6 Rc8 34. Bxe5
Bxe5 35. Re1 Ke7 36. Rxe5 Kd6 37. Rce1 Bf7 38. Rxf5 1-0

[Event "Titled Tue 24th Jun Late"]
[Site "chess.com INT"]
[Date "2025.06.24"]
[Round "10"]
[White "Sprenar, Petr"]
[Black "Lortkipanidze, Nodar"]
[Result "1-0"]
[WhiteTitle "FM"]
[BlackTitle "IM"]
[WhiteElo "2318"]
[BlackElo "2359"]
[WhiteFideId "397164"]
[BlackFideId "13604058"]
[EventDate "2025.06.24"]

1. d4 e6 2. c4 b6 3. Nf3 Bb7 4. g3 f5 5. Bg2 Nf6 6. O-O a5 7. Nc3 Bb4 8. d5 Bxc3
9. bxc3 Na6 10. Nd4 Nc5 11. Ba3 Qe7 12. Nb5 d6 13. Rb1 exd5 14. cxd5 O-O-O 15.
Nd4 Nxd5 16. Bxd5 Bxd5 17. Nxf5 Qd7 18. Qxd5 Kb8 19. Bxc5 dxc5 20. Qxd7 Rxd7 21.
Rbd1 Rf7 22. e4 Re8 23. f3 g6 24. Ne3 Kb7 25. Kg2 Kc6 26. c4 a4 27. Rd5 a3 28.
Rfd1 Ra8 29. R1d3 Ra4 30. f4 Kb7 31. Kf3 c6 32. Rd7+ Rxd7 33. Rxd7+ Kc8 34. Rd3
b5 35. e5 Kc7 36. e6 Ra8 37. g4 Rf8 38. Ke4 Kb6 39. f5 gxf5+ 40. gxf5 Ka5 41. e7
Re8 42. f6 Kb4 43. Rb3+ Ka4 44. Ke5 1-0

[Event "Titled Tue 24th Jun Late"]
[Site "chess.com INT"]
[Date "2025.06.24"]
[Round "10"]
[White "Yevchenko, Oleksandr"]
[Black "Karas, Eugenia"]
[Result "0-1"]
[WhiteTitle "CM"]
[BlackTitle "WFM"]
[WhiteElo "2276"]
[BlackElo "2124"]
[WhiteFideId "14108267"]
[BlackFideId "463485"]
[EventDate "2025.06.24"]

1. c4 Nf6 2. Nc3 b6 3. e4 d6 4. d4 Bb7 5. Bd3 e6 6. Nge2 Be7 7. O-O Nbd7 8. f4
O-O 9. e5 dxe5 10. fxe5 Ne8 11. Be3 c5 12. Qe1 cxd4 13. Bxd4 Nxe5 14. Bxh7+ Kxh7
15. Bxe5 Bc5+ 16. Kh1 Qg5 17. Ng3 Rd8 18. Bf4 Qe7 19. Nce4 Kg8 20. Ng5 Nf6 21.
Be5 Ng4 22. N5e4 Nxe5 23. Qe2 Qh4 24. Nxc5 Ng4 25. h3 Qxh3+ 0-1

[Event "Titled Tue 24th Jun Late"]
[Site "chess.com INT"]
[Date "2025.06.24"]
[Round "10"]
[White "Borges, Wagner da Silva"]
[Black "Zhou, Abigail"]
[Result "1-0"]
[WhiteTitle "CM"]
[BlackTitle "WCM"]
[WhiteElo "2062"]
[BlackElo "1780"]
[WhiteFideId "2100401"]
[BlackFideId "39922081"]
[EventDate "2025.06.24"]

1. Nf3 d5 2. g3 c5 3. Bg2 Nc6 4. d4 cxd4 5. Nxd4 e5 6. Nxc6 bxc6 7. c4 Be6 8.
Nc3 Nf6 9. cxd5 Nxd5 10. Qa4 Qd7 11. O-O Bc5 12. Rd1 Bd4 13. Nxd5 Bxd5 14. e3
Bxg2 15. Kxg2 Qg4 16. exd4 O-O 17. Be3 Qe4+ 18. Kg1 h5 19. Qb3 h4 20. Qd3 Qg4
21. Qf1 h3 22. f3 Qe6 23. dxe5 Qxe5 24. Bf4 Qxb2 25. Qf2 Qf6 26. Rab1 Rfd8 27.
Re1 Re8 28. Qf1 g5 29. Be3 Qf5 30. Rbc1 Rac8 31. Rc5 Qd7 32. Rxg5+ Kh7 33. g4
Qc7 34. Qxh3# 1-0

[Event "Titled Tue 24th Jun Late"]
[Site "chess.com INT"]
[Date "2025.06.24"]
[Round "10"]
[White "Matinian, Nikita"]
[Black "Xiong, Jeffery"]
[Result "1-0"]
[WhiteTitle "GM"]
[BlackTitle "GM"]
[WhiteElo "2421"]
[BlackElo "2639"]
[WhiteFideId "24129100"]
[BlackFideId "2047640"]
[EventDate "2025.06.24"]

1. e4 e6 2. d4 d5 3. Nc3 Bb4 4. e5 c5 5. a3 Bxc3+ 6. bxc3 Nc6 7. Qg4 g6 8. h4 h6
9. h5 g5 10. f4 f5 11. Qd1 g4 12. dxc5 Qa5 13. Qd2 Qxc5 14. Ne2 Nge7 15. a4 Qa5
16. Ba3 Qxa4 17. Nd4 Nxd4 18. cxd4 Bd7 19. Kf2 Rc8 20. c3 g3+ 21. Kxg3 Rg8+ 22.
Kh2 Nc6 23. Be2 Qa5 24. Bd6 Qd8 25. g3 Na5 26. Rhb1 Kf7 27. Rxa5 Qxa5 28. Rxb7
Ke8 29. Bb4 Qa1 30. Bc5 a5 31. Ba6 Ra8 32. Bd3 a4 33. c4 dxc4 34. Bxc4 Bc6 35.
Re7+ Kd8 36. d5 1-0

[Event "Titled Tue 24th Jun Late"]
[Site "chess.com INT"]
[Date "2025.06.24"]
[Round "10"]
[White "Pica, Eleni"]
[Black "Izafatava, Kira"]
[Result "0-1"]
[WhiteTitle "WCM"]
[BlackTitle "WCM"]
[WhiteElo "1686"]
[BlackElo "2036"]
[WhiteFideId "5910005"]
[BlackFideId "13521705"]
[EventDate "2025.06.24"]

1. d4 d5 2. c4 e6 3. Nc3 a6 4. cxd5 exd5 5. Nf3 Nf6 6. Bg5 c6 7. e3 Be7 8. Bd3
h6 9. Bh4 Be6 10. O-O Nbd7 11. Rb1 O-O 12. b4 b5 13. Bxf6 Bxf6 14. Ne2 Nb6 15.
Nf4 Nc4 16. Nd2 a5 17. Nxe6 fxe6 18. Nb3 axb4 19. Nc5 Qe7 20. Qg4 e5 21. Qg6 e4
22. Bc2 Nd2 23. f3 Nxf1 24. Rxf1 Bg5 25. fxe4 Rxf1+ 26. Kxf1 Qf7+ 27. Ke2 Qxg6 0-1

[Event "Titled Tue 24th Jun Late"]
[Site "chess.com INT"]
[Date "2025.06.24"]
[Round "10"]
[White "Radionov, Timur"]
[Black "Sobek, Jaroslav"]
[Result "1-0"]
[WhiteTitle "FM"]
[BlackTitle "FM"]
[WhiteElo "2200"]
[BlackElo "2195"]
[WhiteFideId "34178772"]
[BlackFideId "301388"]
[EventDate "2025.06.24"]

1. e4 c5 2. Nf3 a6 3. d4 cxd4 4. Nxd4 Nf6 5. Nc3 e5 6. Nf3 Bb4 7. Bc4 Qc7 8. Qd3
O-O 9. Bd2 d6 10. Nd5 Nxd5 11. Bxd5 Bc5 12. Rd1 Be6 13. c3 Bxd5 14. Qxd5 Nd7 15.
O-O Nf6 16. Qd3 h6 17. Nh4 Rad8 18. c4 Bd4 19. Nf5 g6 20. Nxd4 exd4 21. Qxd4 Kg7
22. Bc3 Qe7 23. Rd3 Qe5 24. Qb6 1-0

[Event "Titled Tue 24th Jun Late"]
[Site "chess.com INT"]
[Date "2025.06.24"]
[Round "10"]
[White "Gimeno Martos, Roberto"]
[Black "Hartge, Gedeon"]
[Result "0-1"]
[WhiteTitle "CM"]
[BlackTitle "FM"]
[WhiteElo "2090"]
[BlackElo "2328"]
[WhiteFideId "2226804"]
[BlackFideId "12932116"]
[EventDate "2025.06.24"]

1. d4 e6 2. Nf3 b6 3. g3 Bb7 4. Bg2 Nf6 5. O-O Be7 6. c3 O-O 7. Nbd2 d6 8. Re1
Ne4 9. Nxe4 Bxe4 10. Nd2 Bxg2 11. Kxg2 d5 12. Nf3 c5 13. Bf4 Nc6 14. dxc5 bxc5
15. e4 d4 16. cxd4 cxd4 17. e5 Qb6 18. Qd2 Rfd8 19. a3 Na5 20. Qd3 Nb3 21. Rad1
a5 22. Qe4 a4 23. Bg5 Ra7 24. Qh4 Bxg5 25. Nxg5 h6 26. Ne4 Rad7 27. Qg4 Kf8 28.
h4 Qc6 29. Kh2 d3 30. Re3 Rd4 31. f3 Qc2+ 32. Rd2 Nxd2 33. Kh3 Nxe4 34. fxe4 d2
35. Qf4 d1=Q 36. Rf3 Qh1+ 37. Kg4 Rxe4 0-1

[Event "Titled Tue 24th Jun Late"]
[Site "chess.com INT"]
[Date "2025.06.24"]
[Round "10"]
[White "Gattani, Sarthak"]
[Black "Bonin, Jay"]
[Result "1-0"]
[BlackTitle "IM"]
[WhiteElo "1944"]
[BlackElo "2102"]
[WhiteFideId "30995965"]
[BlackFideId "2000644"]
[EventDate "2025.06.24"]

1. d4 Nf6 2. c4 e6 3. Nf3 a6 4. a3 b5 5. cxb5 axb5 6. g3 Bb7 7. Bg2 c5 8. dxc5
Bxc5 9. O-O O-O 10. Bd2 b4 11. a4 d6 12. b3 Nbd7 13. Bc1 Ne4 14. Bb2 e5 15. Nbd2
Nc3 16. Qe1 e4 17. Nh4 f5 18. Bh3 e3 19. Ndf3 exf2+ 20. Rxf2 Ne4 21. e3 Nxf2 22.
Qxf2 Be4 23. Nd4 Qg5 24. Ne6 Qxe3 25. Qxe3 Bxe3+ 26. Kf1 Rfc8 27. Bxf5 Bxf5 28.
Nxf5 Rf8 29. Nxf8 Rxf8 30. Ke2 Rxf5 31. Kxe3 Rc5 32. Rc1 Rxc1 33. Bxc1 Nc5 34.
Bd2 Nxb3 35. Bxb4 d5 36. a5 Nxa5 37. Bxa5 Kf7 38. Kd4 Ke6 39. Bc7 h5 40. h3 g5
41. g4 hxg4 42. hxg4 1-0

[Event "Titled Tue 24th Jun Late"]
[Site "chess.com INT"]
[Date "2025.06.24"]
[Round "10"]
[White "Pavlidou, Ekaterini"]
[Black "Salinas Herrera, Pablo"]
[Result "0-1"]
[WhiteTitle "WIM"]
[BlackTitle "GM"]
[WhiteElo "2198"]
[BlackElo "2447"]
[WhiteFideId "4213262"]
[BlackFideId "3407128"]
[EventDate "2025.06.24"]

1. d4 d5 2. c4 e6 3. Nc3 Nf6 4. cxd5 exd5 5. Bg5 c6 6. e3 h6 7. Bh4 Bd6 8. Bd3
O-O 9. Qc2 a5 10. Nge2 Re8 11. h3 Na6 12. a3 Nc7 13. O-O-O b5 14. Bg3 Bf8 15.
Bxc7 Qxc7 16. Nxb5 Qb8 17. Nbc3 Bd7 18. g4 Rc8 19. g5 hxg5 20. h4 g4 21. h5 c5
22. dxc5 Rxc5 23. h6 gxh6 24. Bf5 Qc8 25. Nd4 Ne4 26. Bxe4 dxe4 27. Kd2 Rb8 28.
Rb1 Bg7 29. Qxe4 Qa6 30. Rhc1 Re8 31. Qd3 Qf6 32. Ne4 Rxe4 33. Rxc5 Qxf2+ 34.
Qe2 Rxd4+ 0-1

[Event "Titled Tue 24th Jun Late"]
[Site "chess.com INT"]
[Date "2025.06.24"]
[Round "10"]
[White "Weisz, Bryan"]
[Black "Skramstad, Oda Kofoed"]
[Result "1-0"]
[BlackTitle "WCM"]
[WhiteElo "2059"]
[BlackElo "1898"]
[WhiteFideId "30934133"]
[BlackFideId "1564862"]
[EventDate "2025.06.24"]

1. e4 e5 2. Ke2 Nc6 3. Ke1 Nf6 4. Nc3 Bb4 5. Nf3 d6 6. Bc4 Bxc3 7. dxc3 O-O 8.
Bg5 Na5 9. Bd3 h6 10. Bh4 c6 11. b4 d5 12. bxa5 dxe4 13. Bxf6 gxf6 14. Bxe4 Qxa5
15. Qd2 Kg7 16. Nh4 Be6 17. Qe3 Rad8 18. Nf5+ Bxf5 19. Bxf5 e4 20. g4 Qe5 21.
Kf1 Rfe8 22. Re1 Rd6 23. h4 Qb5+ 24. Kg2 Red8 25. Qf4 Qc4 26. Rxe4 Qxc3 27. g5
fxg5 28. hxg5 Rg8 29. Qxd6 hxg5 30. Qh6# 1-0

[Event "Titled Tue 24th Jun Late"]
[Site "chess.com INT"]
[Date "2025.06.24"]
[Round "10"]
[White "Vila Dupla, Aurelio"]
[Black "Alvarado, Carlos"]
[Result "0-1"]
[WhiteTitle "FM"]
[BlackTitle "CM"]
[WhiteElo "2056"]
[BlackElo "2032"]
[WhiteFideId "2203383"]
[BlackFideId "3800555"]
[EventDate "2025.06.24"]

1. Nf3 d5 2. d4 Nf6 3. c4 c6 4. cxd5 cxd5 5. Nc3 e6 6. Bf4 Be7 7. e3 O-O 8. Be2
Nc6 9. O-O a6 10. a3 Bd7 11. b4 Rc8 12. Qb3 Na7 13. a4 h6 14. h3 Nc6 15. Na2 Ne4
16. Rfd1 a5 17. b5 Nb4 18. Nxb4 axb4 19. Rdc1 Qa5 20. Bd3 Nc3 21. Ne5 Rfd8 22.
Bg3 Be8 23. f3 Bd6 24. Be1 Rc7 25. Rc2 Rdc8 26. Rac1 f6 27. Ng4 Qxa4 28. Qxa4
Nxa4 29. Rxc7 Rxc7 30. Rxc7 Bxc7 31. Bxb4 Nb2 32. Be2 Nc4 33. Nf2 Nxe3 34. Nd1
Nxd1 35. Bxd1 Bxb5 36. Kf2 Bb6 37. Bc5 Bxc5 38. dxc5 e5 39. Ke3 d4+ 40. Ke4 Bc4
41. Ba4 Kf8 42. Bd7 Ke7 43. g4 Kxd7 0-1

[Event "Titled Tue 24th Jun Late"]
[Site "chess.com INT"]
[Date "2025.06.24"]
[Round "10"]
[White "Reprintsev, Alexander"]
[Black "Dehtiarov, Roman"]
[Result "0-1"]
[WhiteTitle "IM"]
[BlackTitle "FM"]
[WhiteElo "2256"]
[BlackElo "2416"]
[WhiteFideId "14100541"]
[BlackFideId "14186640"]
[EventDate "2025.06.24"]

1. e4 e5 2. Nc3 Nc6 3. g3 Nf6 4. Bg2 Bc5 5. Nge2 h5 6. h4 Ng4 7. O-O g5 8. d4
exd4 9. Bxg5 f6 10. Na4 fxg5 11. Nxc5 d6 12. Nb3 gxh4 13. Nbxd4 Bd7 14. Nxc6
Bxc6 15. Qd4 Rg8 16. Qc4 Qg5 17. Qe6+ Kd8 18. gxh4 Qg7 19. Ng3 Bd7 20. Qd5 Ne5
21. Rae1 Ke7 22. Re3 Bc6 23. Qb3 Raf8 24. f4 Ng4 25. Rc3 Qd4+ 26. Kh1 Kd8 27. e5
Bxg2+ 28. Kxg2 Qd2+ 0-1

[Event "Titled Tue 24th Jun Late"]
[Site "chess.com INT"]
[Date "2025.06.24"]
[Round "10"]
[White "Maksimovic, Bojan"]
[Black "Injac, Teodora"]
[Result "1-0"]
[WhiteTitle "IM"]
[BlackTitle "IM"]
[WhiteElo "2514"]
[BlackElo "2457"]
[WhiteFideId "14408120"]
[BlackFideId "932400"]
[EventDate "2025.06.24"]

1. Nc3 e5 2. e3 Nf6 3. d4 exd4 4. exd4 d5 5. Bf4 c6 6. Bd3 Be7 7. Nge2 O-O 8.
Qd2 a5 9. h3 a4 10. a3 Nbd7 11. O-O b5 12. Rae1 Nb6 13. Ng3 Nc4 14. Bxc4 bxc4
15. Re2 Be6 16. Rfe1 Qd7 17. Nf5 Bd8 18. Nxg7 Bf5 19. Nxf5 Qxf5 20. Re5 Qd7 21.
Rg5+ Kh8 22. Be5 Qe6 23. Qf4 Rg8 24. Re3 Rg6 25. Rf3 Kg7 26. Ne2 h6 27. Rf5 Be7
28. Ng3 Rg8 29. Bxf6+ 1-0

[Event "Titled Tue 24th Jun Late"]
[Site "chess.com INT"]
[Date "2025.06.24"]
[Round "10"]
[White "Duarte Cramer, Lily Jeanette"]
[Black "Montano Vicente, Guadalupe"]
[Result "0-1"]
[WhiteTitle "WCM"]
[WhiteElo "1828"]
[BlackElo "1938"]
[WhiteFideId "29620180"]
[BlackFideId "5181399"]
[EventDate "2025.06.24"]

1. d4 Nf6 2. c4 b6 3. Nc3 Bb7 4. Nf3 e6 5. Bg5 Bb4 6. e3 h6 7. Bh4 g5 8. Bg3 Ne4
9. Qc2 d6 10. a3 Bxc3+ 11. bxc3 h5 12. Bd3 f5 13. h3 Nd7 14. Bxe4 Bxe4 15. Qe2
Qf6 16. Rg1 Bb7 17. h4 g4 18. Ng5 O-O-O 19. a4 a5 20. O-O-O e5 21. dxe5 dxe5 22.
f3 f4 23. exf4 exf4 24. Bf2 Qxc3+ 25. Qc2 Qa3+ 26. Kb1 Qb4+ 27. Ka2 Ba6 28. Rc1
Ne5 29. Qf5+ Kb8 30. Qxe5 Rd2+ 31. Ka1 Qxa4+ 32. Kb1 Qa2# 0-1

[Event "Titled Tue 24th Jun Late"]
[Site "chess.com INT"]
[Date "2025.06.24"]
[Round "10"]
[White "Tao, Sihan"]
[Black "Atoyan, Alberto"]
[Result "1/2-1/2"]
[WhiteTitle "FM"]
[BlackTitle "CM"]
[WhiteElo "2202"]
[BlackElo "2266"]
[WhiteFideId "30982677"]
[BlackFideId "13314831"]
[EventDate "2025.06.24"]

1. c4 c5 2. g3 g6 3. Bg2 Bg7 4. Nf3 d6 5. O-O Nc6 6. e3 Nf6 7. b3 O-O 8. Bb2 a6
9. d4 Ne4 10. Nc3 Nxc3 11. Bxc3 Bg4 12. h3 Bf5 13. Rc1 Be4 14. Re1 Rc8 15. d5
Bxc3 16. Rxc3 Bxf3 17. Qxf3 Ne5 18. Qe2 b5 19. f4 Nd7 20. cxb5 Qa5 21. Rc2 axb5
22. e4 Nb6 23. e5 c4 24. bxc4 Rxc4 25. Rec1 Rfc8 26. Rxc4 Rxc4 27. Rb1 Rc5 28.
exd6 exd6 29. Qe7 Nc4 30. Re1 Rc8 31. Bf1 Qxa2 32. Bxc4 bxc4 33. Qxd6 c3 34. Qd7
Qc4 35. Re8+ Rxe8 36. Qxe8+ Kg7 37. Qe5+ Kg8 38. Qe8+ Kg7 39. Qe5+ Kg8 40. Qe8+ 1/2-1/2